Statistiques concernant Quiz Degrés d'alcool

Cliquez ici pour prendre le quiz!

Statistiques générales

  • Ce quiz a été pris 1 772 fois
  • Le résultat moyen est 12 sur 14

Statistiques - réponses

Alcool (marque)Degrés(%)% Correct
Panaché (en dessous de..)1
98%
Cointreau40
93%
Label 540
93%
Ricard45
93%
Jagermeister35
91%
Captain Morgan35
91%
Passoa (Fruit passion)17
85%
Manzana18
85%
Malibu18
85%
Jet 2721
82%
Rhum blanc (Saint James)50
82%
Curaçao bleu25
77%
Jet 3124
76%
Poliakov37,5
49%

Distribution des résultats

Percentile par nombre de réponses

% des personnes avec chaque résultat

Votre développement - résultats

Vous n’avez pas pris ce quiz